[Event "Gibraltar Masters"]
[Site "Caleta ENG"]
[Date "2011.02.02"]
[Round "9.101"]
[White "De Lillo, Michele"]
[Black "Hegvik, Leif Trygve"]
[Result "0-1"]
[WhiteElo "1964"]
[BlackElo "1814"]
[WhiteFideId "814504"]
[BlackFideId "1507176"]
[EventDate "2011.01.25"]
[EventType "swiss"]

1. e4 e5 2. Nf3 Nc6 3. d4 exd4 4. Bc4 Nf6 5. O-O d6 6. Nxd4 Be7 7. Nc3 O-O 8. h3
h6 9. f4 Nxd4 10. Qxd4 b6 11. Be3 Bb7 12. Rad1 c6 13. Qd2 Qc7 14. Bd3 Rad8 15.
f5 d5 16. exd5 cxd5 17. Bxh6 gxh6 18. Qxh6 Qe5 19. Rf4 Qe3+ 20. Kh1 Qg3 21. Ne2
Qg7 22. Qh4 d4 23. Qf2 Rd6 24. Ng3 Rfd8 25. Re1 Kf8 26. Ne4 R6d7 27. g4 Qh6 28.
Kg2 Nxe4 29. Rexe4 Bg5 30. Rf3 Bxe4 31. Bxe4 Re7 0-1

[Event "Gibraltar Masters"]
[Site "Caleta ENG"]
[Date "2011.02.02"]
[Round "9.102"]
[White "Boesch, Heinz"]
[Black "Bishop, Peter"]
[Result "1-0"]
[WhiteElo "1899"]
[BlackElo "1784"]
[WhiteFideId "4673824"]
[BlackFideId "613053"]
[EventDate "2011.01.25"]
[EventType "swiss"]

1. e4 e5 2. Nf3 Nc6 3. d4 exd4 4. Nxd4 d6 5. Nxc6 bxc6 6. Bd3 Be7 7. Nc3 a5 8.
O-O Ba6 9. f4 Bxd3 10. Qxd3 a4 11. Qc4 Qd7 12. Be3 Nf6 13. Rad1 O-O 14. h3 Rfb8
15. b3 a3 16. Qd3 Ra5 17. Bd4 d5 18. e5 c5 19. Bf2 Ne8 20. Nxd5 Kf8 1-0

[Event "Gibraltar Masters"]
[Site "Caleta ENG"]
[Date "2011.02.02"]
[Round "9.103"]
[White "Kuehnast, Volker"]
[Black "Gholami, Armin"]
[Result "1-0"]
[WhiteElo "1899"]
[BlackElo "1779"]
[WhiteFideId "24653756"]
[BlackFideId "1510487"]
[EventDate "2011.01.25"]
[EventType "swiss"]

1. e4 e6 2. d3 d5 3. Nd2 Nf6 4. Ngf3 c5 5. g3 Nbd7 6. Bg2 Qc7 7. O-O Be7 8. Re1
O-O 9. Nf1 Rd8 10. e5 Ne8 11. Bf4 Qb6 12. Rb1 f6 13. exf6 Ndxf6 14. h4 Nd6 15.
N1h2 Nf7 16. Ng5 Nxg5 17. hxg5 Nd7 18. Bxd5 exd5 19. Rxe7 Nf8 20. Bc7 1-0

[Event "Gibraltar Masters"]
[Site "Caleta ENG"]
[Date "2011.02.02"]
[Round "9.104"]
[White "Birkestrand, Odd"]
[Black "Neumanova, Monika"]
[Result "1/2-1/2"]
[WhiteElo "1894"]
[BlackElo "1712"]
[WhiteFideId "1505548"]
[BlackFideId "323918"]
[EventDate "2011.01.25"]
[EventType "swiss"]

1. e4 c5 2. c3 d5 3. exd5 Qxd5 4. Nf3 Nc6 5. Be2 e5 6. O-O Be7 7. d3 Nf6 8. h3
O-O 9. Be3 b6 10. a3 Bb7 11. Qc2 e4 12. dxe4 Qxe4 13. Bd3 Qd5 14. Rd1 Qh5 15.
Be2 Ne5 16. Nh2 Qg6 17. Qxg6 Nxg6 18. c4 Nh4 19. f3 Nf5 20. Bf2 Rad8 21. Nc3
Rxd1+ 22. Rxd1 Rd8 23. Rxd8+ Bxd8 24. Bd3 Nd6 25. Bh4 h5 26. Nf1 Nde8 27. Bf2
Nc7 28. Ng3 g6 29. Nge2 Nd7 30. Bg3 Nf6 31. Bh4 Ne6 32. Bf2 Bc7 1/2-1/2

[Event "Gibraltar Masters"]
[Site "Caleta ENG"]
[Date "2011.02.02"]
[Round "9.105"]
[White "Kympergr, Vojtech"]
[Black "Reid, Vaness"]
[Result "0-1"]
[BlackTitle "WFM"]
[WhiteElo "1631"]
[BlackElo "1841"]
[WhiteFideId "326887"]
[BlackFideId "3205835"]
[EventDate "2011.01.25"]
[EventType "swiss"]

1. e4 c6 2. d4 d5 3. e5 Bf5 4. Bd3 Bxd3 5. Qxd3 e6 6. Nf3 c5 7. Qb5+ Nd7 8. Qxb7
cxd4 9. Nxd4 Rb8 10. Qa6 Qh4 11. Nc6 Qe4+ 12. Be3 Nc5 13. Qxa7 Rc8 14. Qb6 Ne7
15. Nxe7 Bxe7 16. Qb5+ Nd7 17. O-O Qxe5 18. c3 Rb8 19. Qc6 Rxb2 20. Qc8+ Bd8 21.
Bd4 Qg5 22. Na3 Qe7 23. Qa6 O-O 24. Rfb1 Rxb1+ 25. Rxb1 Qg5 26. Qc6 Ne5 27. Bxe5
Qxe5 28. Nb5 Bh4 29. Qc7 Bxf2+ 30. Kh1 Qe4 31. Rf1 Qd3 32. Ra1 Qxb5 33. Qf4 Qc5
34. Qf3 Qe3 35. a4 Rc8 36. Rb1 h6 37. Qd1 Qxc3 38. g3 Qc2 39. Qf1 Qe4+ 0-1

[Event "Gibraltar Masters"]
[Site "Caleta ENG"]
[Date "2011.02.02"]
[Round "9.107"]
[White "Berggren, Klas"]
[Black "Bauder, Herbert"]
[Result "1/2-1/2"]
[WhiteElo "1463"]
[BlackElo "2005"]
[WhiteFideId "1715089"]
[BlackFideId "4685431"]
[EventDate "2011.01.25"]
[EventType "swiss"]

1. d4 Nf6 2. Bf4 d6 3. e3 g6 4. Nf3 Bg7 5. Be2 O-O 6. O-O Nbd7 7. h3 Qe8 8. c3
e5 9. dxe5 dxe5 10. Bh2 Qe7 11. Nbd2 e4 12. Nd4 Ne5 13. Qc2 c5 14. N4b3 Nc6 15.
Rad1 b6 16. Nc4 Rd8 17. Rxd8+ Nxd8 18. Rd1 Nb7 19. Ne5 Be6 20. Rd2 Qe8 21. Ba6
Bc8 22. Qd1 Bf8 23. Bc4 Be6 24. Bxe6 Qxe6 25. Nd7 Be7 26. Nxf6+ Qxf6 27. Rd7 Rd8
28. Qd5 Rxd7 29. Qxd7 Nd6 30. Qxa7 1/2-1/2

[Event "Gibraltar Masters"]
[Site "Caleta ENG"]
[Date "2011.02.02"]
[Round "9.108"]
[White "Matto, Manuel"]
[Black "Rough, Robert E"]
[Result "1/2-1/2"]
[WhiteElo "1838"]
[BlackElo "1742"]
[WhiteFideId "413062"]
[BlackFideId "2403030"]
[EventDate "2011.01.25"]
[EventType "swiss"]

1. e4 d5 2. exd5 Qxd5 3. Nc3 Qd6 4. Nf3 Nf6 5. Be2 Bf5 6. Nb5 Qd8 7. Nbd4 Bg6 8.
O-O e6 9. c3 c6 10. b4 Nbd7 11. a4 Bd6 12. Qb3 O-O 13. Nh4 Re8 14. Nxg6 hxg6 15.
d3 Nd5 16. g3 a6 17. Bf3 Qc7 18. Bg2 N7f6 19. Bd2 Rec8 20. c4 Ne7 21. c5 Be5 22.
Bc3 Qd7 23. Nf3 Bxc3 24. Qxc3 Rd8 25. Rad1 Ned5 26. Qb2 Kf8 27. Ne5 Qe8 28. Nc4
Rab8 29. Rfe1 Qd7 30. Bh3 Qc7 31. f4 Re8 32. Nd6 Red8 33. Re2 Ne8 34. Nc4 Nef6
35. Rde1 Qd7 36. Ne5 Qc7 37. Rf2 Qe7 38. d4 Nc7 39. Bg2 Ncd5 40. g4 Nd7 41. Nc4
Qh4 42. f5 gxf5 43. gxf5 exf5 44. Nd6 N7f6 45. Nxf5 Qg4 46. h3 Qg5 47. Nd6 Nf4
48. Qb3 N6d5 49. Re5 Qg6 50. Kh2 f6 51. Be4 Qh6 52. Nf5 Qg5 53. Bxd5 cxd5 54.
Nd6 fxe5 55. Qxd5 Qf6 56. Qe4 Kg8 57. dxe5 1/2-1/2

[Event "Gibraltar Masters"]
[Site "Caleta ENG"]
[Date "2011.02.02"]
[Round "9.109"]
[White "Veiga Rodriguez, Pablo"]
[Black "Siddiqui, Nida Mishraz"]
[Result "1/2-1/2"]
[WhiteElo "1528"]
[BlackElo "1738"]
[WhiteFideId "32016050"]
[BlackFideId "7800495"]
[EventDate "2011.01.25"]
[EventType "swiss"]

1. d4 Nf6 2. c4 g6 3. Nc3 Bg7 4. e4 d6 5. Be2 O-O 6. Nf3 c5 7. d5 e6 8. O-O exd5
9. exd5 Nbd7 10. Qc2 Re8 11. Bg5 Ne5 12. h3 Rb8 13. Nd2 a6 14. f4 Bf5 15. Nde4
Ned7 16. g4 Bxe4 17. Nxe4 Qb6 18. Nc3 Qc7 19. a4 h5 20. Rae1 hxg4 21. hxg4 Re3
22. Bf3 Nxg4 23. Ne2 Ngf6 24. Ng3 Rxe1 25. Rxe1 b5 26. axb5 axb5 27. b3 bxc4 28.
bxc4 Qb6 29. f5 Qb3 30. Qxb3 Rxb3 31. Kg2 Ne5 32. Be2 gxf5 33. Bxf6 Bxf6 34.
Nxf5 Rb6 35. Rf1 Bg5 36. Ra1 Rb2 37. Re1 Nxc4 38. Kh1 Rc2 39. Bxc4 Rxc4 40. Nxd6
Rd4 41. Re5 Bf4 1/2-1/2

[Event "Gibraltar Masters"]
[Site "Caleta ENG"]
[Date "2011.02.02"]
[Round "9.110"]
[White "Khachatourian, Yerazik"]
[Black "Rudd, Jack"]
[Result "1/2-1/2"]
[BlackTitle "IM"]
[WhiteElo "1996"]
[BlackElo "2297"]
[WhiteFideId "12501948"]
[BlackFideId "405736"]
[EventDate "2011.01.25"]
[EventType "swiss"]

1. e4 d6 2. d4 g6 3. f4 Bg7 4. Bc4 Nf6 5. Nc3 O-O 6. Nf3 c6 7. e5 Ne8 8. Be3 Nc7
9. Qd2 Nd7 10. O-O-O b5 11. Be2 Nb6 12. f5 Bxf5 13. Bh6 b4 14. Nb1 a5 15. h4
Ncd5 16. h5 b3 17. axb3 Nb4 18. Na3 N6d5 19. Bxg7 Kxg7 20. hxg6 fxg6 21. Qh6+
Kf7 22. Qxh7+ Ke8 23. g4 Be4 24. Ng5 Bxh1 25. Qxg6+ Kd7 26. Rxh1 Nf4 27. Qe4 d5
28. Qe3 Qb6 29. e6+ Kc8 30. Bf1 a4 31. Nh7 axb3 32. cxb3 Kb7 33. Nxf8 Rxf8 34.
Nc2 Nxc2 35. Kxc2 Qb4 36. Qc3 Qd6 37. Bd3 Qxe6 38. Qb4+ Kc7 39. Qa5+ Kd7 40.
Qa7+ Kd6 41. Qc5+ 1/2-1/2